<?xml version="1.0" encoding="UTF-8"?>
<marc:record xmlns:marc="http://www.loc.gov/MARC21/slim">
   <marc:leader>00000nam a2200000 a 4500</marc:leader>
   <marc:datafield ind1="1" ind2=" " tag="100">
      <marc:subfield code="a">Gabriel, Jörg</marc:subfield>
      <marc:subfield code="4">aut</marc:subfield>
      <marc:subfield code="e">Verfasser/-in</marc:subfield>
   </marc:datafield>
   <marc:datafield ind1=" " ind2=" " tag="653">
      <marc:subfield code="a">Reiseführer</marc:subfield>
   </marc:datafield>
   <marc:datafield ind1=" " ind2=" " tag="653">
      <marc:subfield code="a">Individualreisende</marc:subfield>
   </marc:datafield>
   <marc:datafield ind1=" " ind2=" " tag="653">
      <marc:subfield code="a">Tansania</marc:subfield>
   </marc:datafield>
   <marc:datafield ind1=" " ind2=" " tag="653">
      <marc:subfield code="a">Tanzania</marc:subfield>
   </marc:datafield>
   <marc:datafield ind1=" " ind2=" " tag="653">
      <marc:subfield code="a">Safari</marc:subfield>
   </marc:datafield>
   <marc:datafield ind1=" " ind2=" " tag="653">
      <marc:subfield code="a">Serengeti</marc:subfield>
   </marc:datafield>
   <marc:datafield ind1=" " ind2=" " tag="653">
      <marc:subfield code="a">Sansibar</marc:subfield>
   </marc:datafield>
   <marc:datafield ind1=" " ind2=" " tag="653">
      <marc:subfield code="a">Ostafrika</marc:subfield>
   </marc:datafield>
   <marc:datafield ind1=" " ind2=" " tag="653">
      <marc:subfield code="a">Reise-Know-how</marc:subfield>
   </marc:datafield>
   <marc:datafield ind1=" " ind2=" " tag="653">
      <marc:subfield code="a">2015</marc:subfield>
   </marc:datafield>
   <marc:datafield ind1=" " ind2=" " tag="653">
      <marc:subfield code="a">Softcover / Reisen/Reiseführer/Afrika</marc:subfield>
   </marc:datafield>
   <marc:datafield ind1="0" ind2="0" tag="245">
      <marc:subfield code="a">Tansanias Nationalparks, Sansibar</marc:subfield>
   </marc:datafield>
   <marc:datafield ind1="0" ind2="0" tag="245">
      <marc:subfield code="c">Jörg Gabriel</marc:subfield>
   </marc:datafield>
   <marc:datafield ind1=" " ind2="1" tag="264">
      <marc:subfield code="a">Bielefeld</marc:subfield>
      <marc:subfield code="b">Reise Know-How Verlag Peter Rump GmbH</marc:subfield>
      <marc:subfield code="c">2018</marc:subfield>
   </marc:datafield>
   <marc:datafield ind1="1" ind2=" " tag="490">
      <marc:subfield code="a">Reiseführer</marc:subfield>
   </marc:datafield>
   <marc:datafield ind1=" " ind2=" " tag="250">
      <marc:subfield code="a">3., neu bearbeitete und komplett aktualisierte Auflage</marc:subfield>
   </marc:datafield>
   <marc:datafield ind1="1" ind2=" " tag="520">
      <marc:subfield code="a">Angaben aus der Verlagsmeldung

Reise Know-How Reiseführer Tansanias Nationalparks mit Safari-Urlaubsplaner / von Jörg Gabriel

Dieser Reiseführer wendet sich an Urlauber, die eine Nationalpark-Safari in Tansania planen (mit oder ohne Badeurlaub auf Sansibar), und liefert das dazu notwendige Reise-Know-how. Denn Tansania bietet eine Vielzahl an Möglichkeiten der Tierbeobachtung: vom Geländewagen aus, zu Fuß, im Ballon oder mit dem Boot. Inzwischen herrscht ein regelrechter Safari-Boom - dieses Handbuch bietet eine Orientierung im Gestrüpp der Anbieter, Preise und Programme.
+++++
Aus dem Inhalt:
+ Tipps und Infos zur Organisation der Safari zu Hause und vor Ort.
+ Alles Wissenswerte rund um Safaris.
+ Ausführliches Kapitel zur Tierwelt Ostafrikas.
+ Unterkunftsempfehlungen: Safari Lodges, Tented Camps, Hotels, Beach Resorts
+ Infos zu den wichtigsten Nationalparks und Wildschutzgebieten.
+ Tipps zum Bergsteigen und Trekking.
+ Separates Kapitel für den Badeurlaub auf Sansibar.
+ Kleines Tier-Wörterbuch Deutsch/Englisch/Kisuaheli
++++
Jetzt in neuem Layout. + Verbesserte Orientierung im Buch + Größere Fotos + Modernisierte Seitengestaltung + Übersichtlichere Karten.
++++
REISE KNOW-HOW - Reiseführer für individuelle Reisen
</marc:subfield>
   </marc:datafield>
   <marc:datafield ind1=" " ind2=" " tag="020">
      <marc:subfield code="a">9783831729838</marc:subfield>
      <marc:subfield code="9">9783831729838</marc:subfield>
   </marc:datafield>
   <marc:datafield ind1=" " ind2=" " tag="020">
      <marc:subfield code="a">3831729832</marc:subfield>
      <marc:subfield code="9">3831729832</marc:subfield>
   </marc:datafield>
   <marc:datafield ind1=" " ind2=" " tag="041">
      <marc:subfield code="a">ger</marc:subfield>
   </marc:datafield>
   <marc:datafield ind1=" " ind2=" " tag="300">
      <marc:subfield code="a">480 Seiten</marc:subfield>
   </marc:datafield>
</marc:record>
